| 000 | 01374nam a2200301 i 4500 | ||
|---|---|---|---|
| 003 | EG-ScBUE | ||
| 005 | 20231218102128.0 | ||
| 008 | 170731s1998 ua o f b 000 0bara d | ||
| 040 |
_aEG-ScBUE _bara _erda _dEG-ScBUE _cEG-ScBUE |
||
| 043 | _af-ua--- | ||
| 082 | 0 | 4 |
_a962.024 _bح د ا _222 |
| 100 | 1 |
_aحداد، محمد حمزة إسماعيل، _eمؤلف. |
|
| 245 | 1 | 2 |
_aالسلطان المنصور قلاوون : _bتاريخ - أحوال مصر في عهده - منشآته المعمارية / _cتأليف الدكتور محمد حمزة إسماعيل الحداد، كلية الآثار، جامعة القاهرة. |
| 250 | _aالطبعة الثانية. | ||
| 264 | 1 |
_aالقاهرة : _bمكتبة مدبولي، _c1998. |
|
| 300 |
_a245 صفحة : _bصور ؛ _c24 سم. |
||
| 336 |
_2rdacontent _aنص _btxt |
||
| 337 |
_aبدون وسيط _2rdamedia _bn |
||
| 338 |
_aمجلد _bnc _2rdacarrier |
||
| 490 | 0 |
_aصفحات من تاريخ مصر ؛ _v22 |
|
| 504 | _aيشتمل علي إرجاعات ببليوجرافية. | ||
| 600 | 0 | 7 |
_aقلاوون، _cسلطان مصر وسوريا، _d-1290. _2BUEsh |
| 650 | 7 |
_aالمماليك _xتاريخ. _2BUEsh _926894 |
|
| 651 | 7 |
_aمصر _xتاريخ _yالعصر المملوكي، 1250-1517. _2BUEsh _928007 |
|
| 653 |
_bGGEN _bBUSBOL _cJuly2017 |
||
| 655 | _vReading book | ||
| 942 | _2ddc | ||
| 999 |
_c25088 _d25060 |
||